تاريخ مصر والشرق الأدنى فى العصور القديمة
محفوظ في:
المؤلف الرئيسي:
التنسيق: كتاب
اللغة: Undetermined
منشور في:
Cairo :
dar alnahdat alearabia ,
1998-1999.
الوسوم: إضافة وسم
لا توجد وسوم, كن أول من يضع وسما على هذه التسجيلة!
رقم الطلب: DT77 .M87
| LEADER | 00439nam a2200121Ia 4500 | ||
|---|---|---|---|
| 008 | 240329s9999||||xx |||||||||||||| ||und|| | ||
| 050 | 4 | |a DT77 .M87 | |
| 100 | 1 | |a محمد جمال الدين مختار. | |
| 245 | 1 | 0 | |a تاريخ مصر والشرق الأدنى فى العصور القديمة |c محمد جمال الدين مختار |
| 264 | 1 | |a Cairo : |b dar alnahdat alearabia , |c 1998-1999. | |
| 300 | |a 301 |c 24 cm. | ||
| 942 | |2 lcc |c BK | ||
| 999 | |c 57603 |d 57603 | ||
